<?xml version="1.0" encoding="UTF-8"?>
<record
    xmlns:xsi="http://www.w3.org/2001/XMLSchema-instance"
    xsi:schemaLocation="http://www.loc.gov/MARC21/slim http://www.loc.gov/standards/marcxml/schema/MARC21slim.xsd"
    xmlns="http://www.loc.gov/MARC21/slim">

  <leader>00863nam a22001577a 4500</leader>
  <controlfield tag="003">OSt</controlfield>
  <controlfield tag="005">20151210114612.0</controlfield>
  <controlfield tag="008">151210b        xxu||||| |||| 00| 0 eng d</controlfield>
  <datafield tag="040" ind1=" " ind2=" ">
    <subfield code="c">RUA</subfield>
  </datafield>
  <datafield tag="082" ind1=" " ind2=" ">
    <subfield code="a">ATM SVA 2004 B204 Or.1</subfield>
  </datafield>
  <datafield tag="100" ind1=" " ind2=" ">
    <subfield code="9">4655</subfield>
    <subfield code="a">SVAY, SAMNANG.</subfield>
  </datafield>
  <datafield tag="245" ind1=" " ind2=" ">
    <subfield code="a">study on children malnutrition under five years old at beng and bantorbaoh villages, danrun commune, soutrnikum district, siemreap province (&#x1780;&#x17B6;&#x179A;&#x179F;&#x17B7;&#x1780;&#x17D2;&#x179F;&#x17B6;&#x1796;&#x17B8;&#x1780;&#x1784;&#x17D2;&#x179C;&#x17C7;&#x1781;&#x17B6;&#x178F;&#x17A2;&#x17B6;&#x17A0;&#x17B6;&#x179A;&#x17BC;&#x1794;&#x178F;&#x17D2;&#x1790;&#x1798;&#x17D2;&#x1797;&#x179A;&#x1794;&#x179F;&#x17CB;&#x1780;&#x17BB;&#x1798;&#x17B6;&#x179A;&#x17A2;&#x17B6;&#x1799;&#x17BB;&#x1780;&#x17D2;&#x179A;&#x17C4;&#x1798; &#x17E5; &#x1786;&#x17D2;&#x1793;&#x17B6;&#x17C6; &#x1793;&#x17C5;&#x1797;&#x17BC;&#x1798;&#x17B7;&#x1794;&#x17C1;&#x1784; &#x1793;&#x17B7;&#x1784; &#x1797;&#x17BC;&#x1798;&#x17B7;&#x1794;&#x1793;&#x17D2;&#x1791;&#x17B6;&#x178F;&#x17CB;&#x1794;&#x17C4;&#x17C7;&#x1783;&#x17BB;&#x17C6;&#x178A;&#x17B6;&#x1793;&#x179A;&#x17BB;&#x1793; &#x179F;&#x17D2;&#x179A;&#x17BB;&#x1780;&#x179F;&#x17BC;&#x178F;&#x17D2;&#x179A;&#x1793;&#x17B7;&#x1782;&#x1798; &#x1781;&#x17C1;&#x178F;&#x17D2;&#x178F;&#x179F;&#x17C0;&#x1798;&#x179A;&#x17C0;&#x1794;)</subfield>
  </datafield>
  <datafield tag="260" ind1=" " ind2=" ">
    <subfield code="a">Phnom Penh</subfield>
    <subfield code="b">RUA</subfield>
    <subfield code="c">2004</subfield>
  </datafield>
  <datafield tag="300" ind1=" " ind2=" ">
    <subfield code="a">vii, 31p.</subfield>
    <subfield code="b">ill.</subfield>
    <subfield code="c">29cm.</subfield>
  </datafield>
  <datafield tag="942" ind1=" " ind2=" ">
    <subfield code="2">ddc</subfield>
    <subfield code="c">ATM</subfield>
  </datafield>
  <datafield tag="999" ind1=" " ind2=" ">
    <subfield code="c">4338</subfield>
    <subfield code="d">4338</subfield>
  </datafield>
  <datafield tag="952" ind1=" " ind2=" ">
    <subfield code="0">0</subfield>
    <subfield code="1">0</subfield>
    <subfield code="2">ddc</subfield>
    <subfield code="4">0</subfield>
    <subfield code="6">ATM_SVA_2004_000000000000000_B204_OR_1</subfield>
    <subfield code="7">0</subfield>
    <subfield code="9">22101</subfield>
    <subfield code="a">LBB</subfield>
    <subfield code="b">LBB</subfield>
    <subfield code="c">B204</subfield>
    <subfield code="d">2015-12-10</subfield>
    <subfield code="o">ATM SVA 2004 B204 Or.1</subfield>
    <subfield code="p">RUA009403</subfield>
    <subfield code="r">2015-12-10</subfield>
    <subfield code="w">2015-12-10</subfield>
    <subfield code="y">ATM</subfield>
  </datafield>
  <datafield tag="952" ind1=" " ind2=" ">
    <subfield code="0">0</subfield>
    <subfield code="1">0</subfield>
    <subfield code="2">ddc</subfield>
    <subfield code="4">0</subfield>
    <subfield code="6">ATM_SVA_2004_000000000000000_B204_OR_2</subfield>
    <subfield code="7">0</subfield>
    <subfield code="9">22102</subfield>
    <subfield code="a">LBB</subfield>
    <subfield code="b">LBB</subfield>
    <subfield code="c">B204</subfield>
    <subfield code="d">2015-12-10</subfield>
    <subfield code="o">ATM SVA 2004 B204 Or.2</subfield>
    <subfield code="p">RUA009447</subfield>
    <subfield code="r">2015-12-10</subfield>
    <subfield code="w">2015-12-10</subfield>
    <subfield code="y">ATM</subfield>
  </datafield>
  <datafield tag="952" ind1=" " ind2=" ">
    <subfield code="0">0</subfield>
    <subfield code="1">0</subfield>
    <subfield code="2">ddc</subfield>
    <subfield code="4">0</subfield>
    <subfield code="6">ATM_SVA_2004_000000000000000_B204_OR_3</subfield>
    <subfield code="7">0</subfield>
    <subfield code="9">22103</subfield>
    <subfield code="a">LBB</subfield>
    <subfield code="b">LBB</subfield>
    <subfield code="c">B204</subfield>
    <subfield code="d">2015-12-10</subfield>
    <subfield code="o">ATM SVA 2004 B204 Or.3</subfield>
    <subfield code="p">RUA009331</subfield>
    <subfield code="r">2015-12-10</subfield>
    <subfield code="w">2015-12-10</subfield>
    <subfield code="y">ATM</subfield>
  </datafield>
  <datafield tag="952" ind1=" " ind2=" ">
    <subfield code="0">0</subfield>
    <subfield code="1">0</subfield>
    <subfield code="2">ddc</subfield>
    <subfield code="4">0</subfield>
    <subfield code="6">ATM_SVA_2004_000000000000000_B204_OR_4</subfield>
    <subfield code="7">0</subfield>
    <subfield code="9">22104</subfield>
    <subfield code="a">LBB</subfield>
    <subfield code="b">LBB</subfield>
    <subfield code="c">B204</subfield>
    <subfield code="d">2015-12-10</subfield>
    <subfield code="o">ATM SVA 2004 B204 Or.4</subfield>
    <subfield code="p">RUA009613</subfield>
    <subfield code="r">2015-12-10</subfield>
    <subfield code="w">2015-12-10</subfield>
    <subfield code="y">ATM</subfield>
  </datafield>
  <datafield tag="952" ind1=" " ind2=" ">
    <subfield code="0">0</subfield>
    <subfield code="1">0</subfield>
    <subfield code="2">ddc</subfield>
    <subfield code="4">0</subfield>
    <subfield code="6">ATM_SVA_2004_000000000000000_B204_OR_5</subfield>
    <subfield code="7">0</subfield>
    <subfield code="9">22105</subfield>
    <subfield code="a">LBB</subfield>
    <subfield code="b">LBB</subfield>
    <subfield code="c">B204</subfield>
    <subfield code="d">2015-12-10</subfield>
    <subfield code="o">ATM SVA 2004 B204 Or.5</subfield>
    <subfield code="p">RUA009397</subfield>
    <subfield code="r">2015-12-10</subfield>
    <subfield code="w">2015-12-10</subfield>
    <subfield code="y">ATM</subfield>
  </datafield>
  <datafield tag="952" ind1=" " ind2=" ">
    <subfield code="0">0</subfield>
    <subfield code="1">0</subfield>
    <subfield code="2">ddc</subfield>
    <subfield code="4">0</subfield>
    <subfield code="6">ATM_SVA_2004_000000000000000_B204_OR_6</subfield>
    <subfield code="7">0</subfield>
    <subfield code="9">22106</subfield>
    <subfield code="a">LBB</subfield>
    <subfield code="b">LBB</subfield>
    <subfield code="c">B204</subfield>
    <subfield code="d">2015-12-10</subfield>
    <subfield code="o">ATM SVA 2004 B204 Or.6</subfield>
    <subfield code="p">RUA009586</subfield>
    <subfield code="r">2015-12-10</subfield>
    <subfield code="w">2015-12-10</subfield>
    <subfield code="y">ATM</subfield>
  </datafield>
  <datafield tag="952" ind1=" " ind2=" ">
    <subfield code="0">0</subfield>
    <subfield code="1">0</subfield>
    <subfield code="2">ddc</subfield>
    <subfield code="4">0</subfield>
    <subfield code="6">ATM_SVA_2004_000000000000000_B204_OR_7</subfield>
    <subfield code="7">0</subfield>
    <subfield code="9">22107</subfield>
    <subfield code="a">LBB</subfield>
    <subfield code="b">LBB</subfield>
    <subfield code="c">B204</subfield>
    <subfield code="d">2015-12-10</subfield>
    <subfield code="o">ATM SVA 2004 B204 Or.7</subfield>
    <subfield code="p">RUA009519</subfield>
    <subfield code="r">2015-12-10</subfield>
    <subfield code="w">2015-12-10</subfield>
    <subfield code="y">ATM</subfield>
  </datafield>
  <datafield tag="952" ind1=" " ind2=" ">
    <subfield code="0">0</subfield>
    <subfield code="1">0</subfield>
    <subfield code="2">ddc</subfield>
    <subfield code="4">0</subfield>
    <subfield code="6">ATM_SVA_2004_000000000000000_B204_OR_8</subfield>
    <subfield code="7">0</subfield>
    <subfield code="9">22108</subfield>
    <subfield code="a">LBB</subfield>
    <subfield code="b">LBB</subfield>
    <subfield code="c">B204</subfield>
    <subfield code="d">2015-12-10</subfield>
    <subfield code="l">1</subfield>
    <subfield code="o">ATM SVA 2004 B204 Or.8</subfield>
    <subfield code="p">RUA033938</subfield>
    <subfield code="r">2019-11-06</subfield>
    <subfield code="s">2019-10-28</subfield>
    <subfield code="w">2015-12-10</subfield>
    <subfield code="y">ATM</subfield>
  </datafield>
  <datafield tag="952" ind1=" " ind2=" ">
    <subfield code="0">0</subfield>
    <subfield code="1">0</subfield>
    <subfield code="2">ddc</subfield>
    <subfield code="4">0</subfield>
    <subfield code="6">ATM_SVA_2004_000000000000000_B204_OR_9</subfield>
    <subfield code="7">0</subfield>
    <subfield code="9">22109</subfield>
    <subfield code="a">LBB</subfield>
    <subfield code="b">LBB</subfield>
    <subfield code="c">B204</subfield>
    <subfield code="d">2015-12-10</subfield>
    <subfield code="o">ATM SVA 2004 B204 Or.9</subfield>
    <subfield code="p">RUA034691</subfield>
    <subfield code="r">2015-12-10</subfield>
    <subfield code="w">2015-12-10</subfield>
    <subfield code="y">ATM</subfield>
  </datafield>
  <datafield tag="952" ind1=" " ind2=" ">
    <subfield code="0">0</subfield>
    <subfield code="1">0</subfield>
    <subfield code="2">ddc</subfield>
    <subfield code="4">0</subfield>
    <subfield code="6">ATM_SVA_2004_000000000000000_B204_OR_10</subfield>
    <subfield code="7">0</subfield>
    <subfield code="9">22110</subfield>
    <subfield code="a">LBB</subfield>
    <subfield code="b">LBB</subfield>
    <subfield code="c">B204</subfield>
    <subfield code="d">2015-12-10</subfield>
    <subfield code="o">ATM SVA 2004 B204 Or.10</subfield>
    <subfield code="p">RUA033637</subfield>
    <subfield code="r">2015-12-10</subfield>
    <subfield code="w">2015-12-10</subfield>
    <subfield code="y">ATM</subfield>
  </datafield>
  <datafield tag="952" ind1=" " ind2=" ">
    <subfield code="0">0</subfield>
    <subfield code="1">0</subfield>
    <subfield code="2">ddc</subfield>
    <subfield code="4">0</subfield>
    <subfield code="6">ATM_SVA_2004_000000000000000_B204_OR_11</subfield>
    <subfield code="7">0</subfield>
    <subfield code="9">22111</subfield>
    <subfield code="a">LBB</subfield>
    <subfield code="b">LBB</subfield>
    <subfield code="c">B204</subfield>
    <subfield code="d">2015-12-10</subfield>
    <subfield code="l">1</subfield>
    <subfield code="o">ATM SVA 2004 B204 Or.11</subfield>
    <subfield code="p">RUA033850</subfield>
    <subfield code="r">2016-10-28</subfield>
    <subfield code="s">2016-10-21</subfield>
    <subfield code="w">2015-12-10</subfield>
    <subfield code="y">ATM</subfield>
  </datafield>
</record>
